000 00415nam a2200157Ia 4500
005 20250327150526.0
008 231217s9999 xx 000 0 und d
020 _a9788131407660
082 _a658.85 SWA;1
100 _aSwapna Gopalan. Nasreen, Taher ed.
245 0 _aViral markting : concepts and cases
260 _c2007
_bICFAI
_aHyderabad
300 _avi,221
650 _aViral,markting
942 _cAA
999 _c188100
_d188100